[Event "First Saturday FM-B Nov 2013"]
[Site "Budapest"]
[Date "2013.11.09"]
[Round "7.5"]
[White "Szonyi, Bence"]
[Black "Karacsonyi, Gellert"]
[Result "0-1"]
[WhiteElo "1660"]
[BlackElo "1782"]
[PlyCount "39"]
[EventDate "2013.11.02"]

1. e4 e6 2. d4 d5 3. Nc3 Bb4 4. e5 c5 5. a3 Bxc3+ 6. bxc3 Ne7 7. Nf3 Nbc6 8.
Be2 Nf5 9. dxc5 Bd7 10. O-O O-O 11. c4 dxc4 12. Bxc4 Qc7 13. Re1 Rad8 14. Bd3
Nce7 15. g4 Nh6 16. Bxh6 gxh6 17. Qc1 Kg7 18. Qf4 Ng6 19. Qf6+ Kg8 20. Nh4 0-1

[Event "First Saturday FM-B Nov 2013"]
[Site "Budapest"]
[Date "2013.11.10"]
[Round "8.1"]
[White "Gruz, Janos"]
[Black "Szonyi, Bence"]
[Result "1/2-1/2"]
[WhiteElo "1793"]
[BlackElo "1660"]
[PlyCount "99"]
[EventDate "2013.11.02"]

1. c4 Nf6 2. Nc3 e6 3. Nf3 Bb4 4. a3 Bxc3 5. bxc3 O-O 6. d3 c5 7. g3 Nc6 8. Bg2
d5 9. cxd5 exd5 10. O-O h6 11. Bb2 Bg4 12. h3 Be6 13. Qc2 Qd7 14. Kh2 Rac8 15.
Rad1 d4 16. c4 Rfe8 17. e4 dxe3 18. fxe3 Nh7 19. Qf2 f6 20. e4 Ng5 21. Nxg5
hxg5 22. Rfe1 b6 23. g4 Rcd8 24. Bf1 Ne5 25. Bxe5 fxe5 26. Be2 Rf8 27. Qe3 Rf4
28. Rf1 Rdf8 29. Bf3 Qd4 30. Qxd4 cxd4 31. Kg2 Rc8 32. Rb1 Bd7 33. Bd1 Rxf1 34.
Kxf1 g6 35. Rb4 Kf7 36. Rb1 Rh8 37. Kg2 Ke7 38. Kg3 Rc8 39. h4 gxh4+ 40. Kxh4
Rh8+ 41. Kg5 Rh1 42. Kxg6 Bxg4 43. Bc2 Rxb1 44. Bxb1 Bh3 45. Bc2 Bf1 46. Kg5
Be2 47. Kh4 Kf6 48. Kg3 Kg5 49. Kf2 Bh5 50. Kg3 1/2-1/2

[Event "First Saturday FM-B Nov 2013"]
[Site "Budapest"]
[Date "2013.11.10"]
[Round "8.3"]
[White "Toth, Laszlo G"]
[Black "Szakacs, Eniko"]
[Result "0-1"]
[WhiteElo "1683"]
[BlackElo "1750"]
[PlyCount "139"]
[EventDate "2013.11.02"]

1. e4 e6 2. d3 d5 3. Nd2 Nf6 4. e5 Nfd7 5. f4 c5 6. Ngf3 Nc6 7. Be2 Be7 8. O-O
O-O 9. c3 Qb6 10. a3 f6 11. exf6 Nxf6 12. Ne5 Bd6 13. Ndf3 Nd7 14. Nxc6 Qxc6
15. Ng5 Nf6 16. Nf3 Nd7 17. Ng5 e5 18. fxe5 Nxe5 19. Rxf8+ Bxf8 20. Bf4 Qf6 21.
Qd2 h6 22. Bxe5 Qxe5 23. Nf3 Qd6 24. Rf1 Be7 25. Qe3 Qe6 26. Qxe6+ Bxe6 27. d4
Bg4 28. h3 Bh5 29. g4 Be8 30. Ne5 cxd4 31. cxd4 Bg5 32. Rf3 Rc8 33. b4 Bf6 34.
Bd3 Rc1+ 35. Kg2 Rd1 36. Rf1 Rd2+ 37. Rf2 Rd1 38. Rf1 Rxf1 39. Bxf1 Kf8 40. Kf3
Bg5 41. b5 Ke7 42. Bd3 Kd6 43. a4 Kc7 44. a5 Bd2 45. a6 Kb6 46. axb7 Kxb7 47.
Ng6 Bg5 48. Nf4 Bf7 49. Ne2 Kb6 50. Nf4 Bf6 51. Ke3 Bg5 52. Kf3 Ka5 53. Bf1 Kb4
54. Nd3+ Ka5 55. Nf4 Bf6 56. Ke3 g5 57. Nh5 Be7 58. Ng7 Bf8 59. Nf5 Be8 60. Bg2
Kxb5 61. Bxd5 a5 62. Kd3 a4 63. Bc4+ Kb4 64. d5 Kc5 65. Ba2 Bb5+ 66. Kc3 Bf1
67. d6 Bxd6 68. Nxd6 Kxd6 69. Bf7 Bxh3 70. Kb4 0-1

[Event "First Saturday FM-B Nov 2013"]
[Site "Budapest"]
[Date "2013.11.11"]
[Round "9.2"]
[White "Szakacs, Eniko"]
[Black "Bacsi, Andras"]
[Result "1/2-1/2"]
[WhiteElo "1750"]
[BlackElo "1836"]
[PlyCount "28"]
[EventDate "2013.11.02"]

1. d4 Nf6 2. Nf3 g6 3. g3 Bg7 4. Bg2 O-O 5. O-O d6 6. c4 Nbd7 7. Nc3 e5 8. dxe5
dxe5 9. Qc2 c6 10. Rd1 Qc7 11. Nd2 Nc5 12. Nde4 Nfxe4 13. Nxe4 Nxe4 14. Qxe4
Be6 1/2-1/2

[Event "First Saturday FM-B Nov 2013"]
[Site "Budapest"]
[Date "2013.11.11"]
[Round "9.3"]
[White "Szabo, Miklos Istvan"]
[Black "Toth, Laszlo G"]
[Result "1/2-1/2"]
[WhiteElo "1315"]
[BlackElo "1683"]
[PlyCount "47"]
[EventDate "2013.11.02"]

1. e4 e5 2. Nf3 Nc6 3. Bb5 a6 4. Ba4 Nf6 5. Qe2 b5 6. Bb3 d6 7. c3 Be7 8. d3
Na5 9. Bc2 c5 10. Nbd2 Qc7 11. h3 O-O 12. O-O Bd7 13. Rd1 Rab8 14. Nf1 Nc6 15.
Be3 d5 16. Ng3 dxe4 17. dxe4 Be6 18. b3 Rfd8 19. Rxd8+ Rxd8 20. Rd1 Rxd1+ 21.
Qxd1 Qa5 22. Qa1 Qd8 23. Qd1 Qxd1+ 24. Bxd1 1/2-1/2

[Event "First Saturday FM-B Nov 2013"]
[Site "Budapest"]
[Date "2013.11.11"]
[Round "9.4"]
[White "Szonyi, Bence"]
[Black "Brassoi-Tarnovszki, Aurel"]
[Result "1-0"]
[WhiteElo "1660"]
[BlackElo "1592"]
[PlyCount "32"]
[EventDate "2013.11.02"]

1. e4 e6 2. d4 d5 3. Nc3 c6 4. a3 Be7 5. Nf3 Qc7 6. Bd3 Nd7 7. O-O Nb6 8. Ne5
Bd6 9. f4 g6 10. f5 Bxe5 11. dxe5 exf5 12. exf5 gxf5 13. Bxf5 Bxf5 14. Rxf5
O-O-O 15. Bg5 Re8 16. Qg4 Re6 1-0

[Event "First Saturday FM-B Nov 2013"]
[Site "Budapest"]
[Date "2013.11.11"]
[Round "9.5"]
[White "Karacsonyi, Gellert"]
[Black "Gruz, Janos"]
[Result "1/2-1/2"]
[WhiteElo "1782"]
[BlackElo "1793"]
[PlyCount "21"]
[EventDate "2013.11.02"]

1. e4 c5 2. Nf3 Nc6 3. d4 cxd4 4. Nxd4 Nf6 5. Nc3 h6 6. Nxc6 dxc6 7. Qxd8+ Kxd8
8. Bc4 e6 9. Bf4 Bb4 10. O-O-O+ Ke8 11. f3 1/2-1/2

[Event "First Saturday FM-B Nov 2013"]
[Site "Budapest"]
[Date "2013.11.12"]
[Round "10.1"]
[White "Brassoi-Tarnovszki, Aurel"]
[Black "Karacsonyi, Gellert"]
[Result "0-1"]
[WhiteElo "1592"]
[BlackElo "1782"]
[PlyCount "27"]
[EventDate "2013.11.02"]

1. e4 e6 2. d4 d5 3. e5 c5 4. Nf3 Nc6 5. c3 Bd7 6. Be2 Qb6 7. O-O Rc8 8. b3
cxd4 9. cxd4 Nge7 10. Be3 Nf5 11. g4 Nfe7 12. h4 Nb4 13. Bd3 Nxd3 14. Qxd3 0-1

[Event "First Saturday FM-B Nov 2013"]
[Site "Budapest"]
[Date "2013.11.12"]
[Round "10.3"]
[White "Bacsi, Andras"]
[Black "Szabo, Miklos Istvan"]
[Result "1-0"]
[WhiteElo "1836"]
[BlackElo "1315"]
[PlyCount "91"]
[EventDate "2013.11.02"]

1. d4 d5 2. c4 c6 3. Nc3 Nf6 4. Nf3 Bg4 5. Ne5 dxc4 6. Nxg4 Nxg4 7. e4 Nf6 8.
Bxc4 Qa5 9. O-O b5 10. Bd3 b4 11. Ne2 e6 12. Be3 Nbd7 13. Qd2 Ng4 14. Bf4 e5
15. Bg3 Bd6 16. h3 Ngf6 17. a3 O-O 18. axb4 Bxb4 19. Qc2 Qc7 20. Rfc1 Rfc8 21.
Ba6 Re8 22. Ra4 Bf8 23. Bb5 c5 24. dxe5 Nh5 25. Bh2 Nb6 26. Bxe8 Rxe8 27. g4
Nxa4 28. Qxa4 Qb7 29. Qxe8 Qxb2 30. Kf1 Nf6 31. exf6 Qxf6 32. Rxc5 g6 33. Rc8
Qa1+ 34. Kg2 Qa3 35. Qxf8+ Qxf8 36. Rxf8+ Kxf8 37. Bc7 Ke7 38. f4 Kd7 39. Ba5
Kc6 40. Kf3 Kb5 41. Bc3 a5 42. e5 a4 43. f5 a3 44. e6 fxe6 45. fxg6 hxg6 46.
Ke4 1-0

[Event "First Saturday FM-B Nov 2013"]
[Site "Budapest"]
[Date "2013.11.12"]
[Round "10.5"]
[White "Szlenka, Attila"]
[Black "Marcu, Simon"]
[Result "0-1"]
[WhiteElo "1821"]
[BlackElo "1892"]
[PlyCount "104"]
[EventDate "2013.11.02"]

1. Nf3 Nf6 2. g3 b6 3. Bg2 Bb7 4. c4 e5 5. O-O d6 6. Nc3 c5 7. d3 Be7 8. a3 Nc6
9. Rb1 Nd4 10. e3 Nxf3+ 11. Bxf3 Bxf3 12. Qxf3 O-O 13. Bd2 Qd7 14. e4 Rfb8 15.
Qg2 a6 16. a4 Ne8 17. f4 Nc7 18. fxe5 dxe5 19. Nd5 Nxd5 20. exd5 Qxa4 21. Qf3
Qe8 22. Rbe1 Bd6 23. Re4 Ra7 24. Rh4 f6 25. Qf5 h6 26. Bxh6 Bf8 27. Bd2 Qd7 28.
Qg6 Qe8 29. Qh7+ Kf7 30. Bh6 Qd7 31. Bd2 Ke8 32. Qg6+ Qf7 33. Qf5 Qd7 34. Qe4
b5 35. Bc3 b4 36. Bd2 Rab7 37. b3 Ke7 38. Rh7 Kd6 39. Rxf6+ gxf6 40. Rxd7+ Rxd7
41. Qf5 Kc7 42. Qxf6 Bd6 43. Bh6 a5 44. Qf1 a4 45. bxa4 b3 46. Qb1 b2 47. Bd2
Kc8 48. Kf2 Ra7 49. d4 cxd4 50. Qf5+ Rd7 51. Qb1 e4 52. Ke2 d3+ 0-1

[Event "First Saturday FM-B Nov 2013"]
[Site "Budapest"]
[Date "2013.11.13"]
[Round "11.1"]
[White "Szakacs, Eniko"]
[Black "Szlenka, Attila"]
[Result "0-1"]
[WhiteElo "1750"]
[BlackElo "1821"]
[PlyCount "92"]
[EventDate "2013.11.02"]

1. d4 Nf6 2. Nf3 g6 3. g3 Bg7 4. Bg2 O-O 5. O-O d5 6. c4 c6 7. Qb3 dxc4 8. Qxc4
Be6 9. Qd3 Qc8 10. Ng5 Bd7 11. Qb3 h6 12. Nf3 Be6 13. Qd3 Na6 14. a3 Rd8 15.
Nc3 Nc5 16. Qc2 Nb3 17. Rb1 Nxd4 18. Nxd4 Rxd4 19. Be3 Rd8 20. Rbd1 Nd5 21. Bd4
Nb6 22. Bxg7 Kxg7 23. Rxd8 Qxd8 24. Rd1 Qc8 25. Ne4 Nd7 26. Qc3+ f6 27. Qb4 Kf7
28. Nc3 Qc7 29. e3 Qb6 30. Qxb6 Nxb6 31. Ne4 Nd7 32. Nc3 Ke8 33. Ne4 Rd8 34.
Kf1 Bd5 35. Rd2 f5 36. Nc3 Bxg2+ 37. Kxg2 Nc5 38. Re2 Nb3 39. e4 Rd2 40. exf5
gxf5 41. Rxd2 Nxd2 42. b4 Kd7 43. f4 Kd6 44. Kh3 Ne4 45. Ne2 Kd5 46. Kh4 Nf6
0-1

[Event "First Saturday FM-B Nov 2013"]
[Site "Budapest"]
[Date "2013.11.13"]
[Round "11.3"]
[White "Szonyi, Bence"]
[Black "Bacsi, Andras"]
[Result "1/2-1/2"]
[WhiteElo "1660"]
[BlackElo "1836"]
[PlyCount "42"]
[EventDate "2013.11.02"]

1. e4 e5 2. Nf3 Nc6 3. Bb5 a6 4. Bxc6 dxc6 5. d4 exd4 6. Qxd4 Qxd4 7. Nxd4 Bc5
8. Be3 Nf6 9. f3 Be6 10. Nd2 O-O 11. Kf2 Bd7 12. Ne2 Bxe3+ 13. Kxe3 Rfe8 14.
Kf2 Rad8 15. Rad1 c5 16. c4 Bc6 17. Nb3 b6 18. Nc3 Kf8 19. Rxd8 Rxd8 20. Rd1
Rxd1 21. Nxd1 Ke7 1/2-1/2

[Event "First Saturday FM-B Nov 2013"]
[Site "Budapest"]
[Date "2013.11.13"]
[Round "11.4"]
[White "Karacsonyi, Gellert"]
[Black "Toth, Laszlo G"]
[Result "1-0"]
[WhiteElo "1782"]
[BlackElo "1683"]
[PlyCount "73"]
[EventDate "2013.11.02"]

1. e4 e5 2. Nf3 Nc6 3. Bb5 a6 4. Bxc6 dxc6 5. O-O Bg4 6. h3 h5 7. d3 Qf6 8.
Nbd2 Ne7 9. Re1 Ng6 10. d4 Bd6 11. hxg4 hxg4 12. Nh2 Rxh2 13. Qxg4 Qh4 14. Qxh4
Rxh4 15. Nf3 Rh5 16. dxe5 Nxe5 17. Nxe5 Bxe5 18. g3 O-O-O 19. c3 Rdh8 20. Kg2
b5 21. Be3 f6 22. Rh1 Rxh1 23. Rxh1 Rxh1 24. Kxh1 Kd7 25. Kg2 Ke6 26. f4 Bd6
27. f5+ Kf7 28. Kf3 a5 29. Bf4 g5 30. Be3 c5 31. Bf2 c4 32. g4 c5 33. Bg3 Ke7
34. e5 fxe5 35. Ke4 Kf6 36. Kd5 Be7 37. Bxe5+ 1-0

[Event "First Saturday FM-B Nov 2013"]
[Site "Budapest"]
[Date "2013.11.13"]
[Round "11.5"]
[White "Gruz, Janos"]
[Black "Brassoi-Tarnovszki, Aurel"]
[Result "1/2-1/2"]
[WhiteElo "1793"]
[BlackElo "1592"]
[PlyCount "23"]
[EventDate "2013.11.02"]

1. d4 d6 2. c4 Nf6 3. g3 g6 4. Bg2 Bg7 5. Nf3 O-O 6. O-O e5 7. d5 Nbd7 8. Nc3
c5 9. e4 a6 10. Bg5 h6 11. Be3 Kh7 12. Qd2 1/2-1/2